Ensayos sobre la "generación del 98" y otros escritores españoles contemporáneos / (Record no. 112342)

MARC details
000 -LEADER
campo de control de longitud fija 00946nam a2200253 i 4500
001 - NÚMERO DE CONTROL
campo de control 112342
003 - IDENTIFICADOR DE NÚMERO DE CONTROL
campo de control ES-MaACL
005 - FECHA Y HORA DE LA ÚLTIMA TRANSACCIÓN
campo de control 20231229062527.0
007 - CAMPO FIJO DE DESCRIPCIÓN FÍSICA--INFORMACIÓN GENERAL
campo de control de longitud fija t|
008 - DATOS DE LONGITUD FIJA--INFORMACIÓN GENERAL
campo de control de longitud fija 170704s1981 sp r ||||1| spa d
020 ## - NÚMERO INTERNACIONAL ESTÁNDAR DEL LIBRO
Número Internacional Estándar del Libro 84-206-4109-X
100 1# - ENTRADA PRINCIPAL--NOMBRE DE PERSONA
Nombre de persona Ortega y Gasset, José,
Fechas asociadas al nombre 1883-1955
9 (RLIN) 87503
245 10 - MENCIÓN DEL TÍTULO
Título Ensayos sobre la "generación del 98" y otros escritores españoles contemporáneos /
Mención de responsabilidad, etc. Ortega y Gasset.
260 ## - PUBLICACIÓN, DISTRIBUCIÓN, ETC.
Lugar de publicación, distribución, etc. Madrid :
Nombre del editor, distribuidor, etc. Revista de Occidente en Alianza Editorial,
Fecha de publicación, distribución, etc. 1981.
300 ## - DESCRIPCIÓN FÍSICA
Extensión 302 p. ;
Dimensiones 18 cm.
490 1# - MENCIÓN DE SERIE
Mención de serie Obras de José Ortega y Gasset ;
Designación de volumen o secuencia 9
598 ## - NOTA LOCAL
Nota local Colección editada por Paulino Garagorri.
650 #4 - PUNTO DE ACCESO ADICIONAL DE MATERIA--TÉRMINO DE MATERIA
Término de materia o nombre geográfico como elemento de entrada Literatura española-
Subdivisión cronológica S.XX-
Subdivisión general Historia y crítica.
9 (RLIN) 141686
650 #4 - PUNTO DE ACCESO ADICIONAL DE MATERIA--TÉRMINO DE MATERIA
Término de materia o nombre geográfico como elemento de entrada Generación del 98 (Literatura)
9 (RLIN) 13051
700 1# - ENTRADA AGREGADA--NOMBRE PERSONAL
Nombre de persona Garagorri, Paulino,
Fechas asociadas al nombre 1916-2007
9 (RLIN) 53911
830 1# - PUNTO DE ACCESO ADICIONAL DE SERIE-TÍTULO UNIFORME
Título uniforme Obras de José Ortega y Gasset ;
Designación de volumen o secuencia 9
9 (RLIN) 181562
852 4# - LOCALIZACIÓN
Ubicación ES-MaACL
Número de control de estantería L-31807
Holdings
Estatus retirado Estado de pérdida Estado de daño No para préstamo Biblioteca de origen Biblioteca actual Ubicación en estantería Fecha de adquisición Fuente de adquisición Total de préstamos Signatura topográfica completa Código de barras Visto por última vez Precio de reemplazo Tipo de ítem Koha
        Biblioteca del Ateneo de Madrid Biblioteca del Ateneo de Madrid Depósito 2 04/07/2017     L-31807 1197850 23/02/2023 23/02/2023 Libro impreso